000 00250nam a2200097Ia 4500
082 _aEKF WONG
245 0 _aTen bean brothers
100 _a Wong, Verina Singapore, [c.2009]
_938100
942 _cBK
008 210816s9999 xx 000 0 und d
999 _c135667
_d135666